| 000 | 01137cai a22002295a 4500 | ||
|---|---|---|---|
| 001 | L158813 | ||
| 008 | 120323s2015 xxk f 000 0 eng d | ||
| 035 | _a(Sirsi) u158813 | ||
| 041 | 0 | _aeng | |
| 110 | 2 | _aMCL Drafting Group | |
| 245 | 0 | 0 |
_aModel Commercial Lease _h[electronic resource] |
| 260 | _c2015 | ||
| 520 | _aThe Model Commercial Lease (MCL) suite of documents comprises various template commercial leases and associated documents. Different versions of MCL leases are available to suit different types of commercial buildings such as offices, shops, shopping centre units and industrial/logistics units. The MCL is a client-led project. It was originally commissioned by the British Property Federation. The Drafting Group excludes all liability from use of the MCL documents. | ||
| 590 | _aKA NTK | ||
| 650 | 2 | 4 | _aCOMMERCIAL PROPERTY TRANSACTIONS |
| 650 | 2 | 4 | _aCOMMERCIAL LEASING |
| 651 | 4 | _aENGLAND AND WALES | |
| 690 | _aCOMMERICAL PROPERTY | ||
| 710 | 1 |
_aBritish Property Federation _91604 |
|
| 856 | 4 | 0 |
_uhttps://modelcommerciallease.co.uk/ _zView the website at http://modelcommerciallease.co.uk |
| 942 | _n0 | ||
| 999 |
_c121039 _d121039 |
||